| 000 | 00894nam0a2200277 4500 | ||
|---|---|---|---|
| 001 | RU\NLR\BIBL_A\022473436 | ||
| 005 | 20250806203459.0 | ||
| 035 | _a(NLR Aleph) 022473436 | ||
| 090 |
_a85470 _c85470 |
||
| 100 | _a20250227a1941 u y0rusy50 ca | ||
| 101 | 0 | _aarm | |
| 102 | _aAM | ||
| 105 | _aa z 000 y | ||
| 181 | 0 |
_ai _baxxe |
|
| 182 | 0 | _an | |
| 200 | 1 |
_aՌազմաճակատում եվ թիկունքում _fԳ.Հ.Քացախյան |
|
| 203 |
_aТекст _bвизуальный _cнепосредственный |
||
| 210 |
_aԵրեվան _bՀայպետհրատ _d1941 |
||
| 215 |
_a38,[2] c. _d17 |
||
| 541 | 1 |
_6z01790 _aНа фронте и в тылу _zrus |
|
| 700 | 0 |
_aՔացախյան _bԳ.Հ. _4340 |
|
| 790 | 0 |
_6z01541 _aКацахян _bГ.Г. _4340 |
|
| 942 | _cBOOK | ||
| 945 | _aРоссийская национальная библиотека | ||
| 980 | _aBV | ||